[Event "XV Open"]
[Site "Crema ITA"]
[Date "2013.08.30"]
[Round "2"]
[White "Reale, Simone"]
[Black "Molinelli, Luigi"]
[WhiteElo "1941"]
[BlackElo "1236"]
[Result "1-0"]
[PlyCount "61"]
[EventDate "2013.08.30"]

1. e4 b6 2. d4 Bb7 3. Bd3 e6 4. Nf3 Nf6 5. Nbd2 Be7 6. O-O O-O 7. Re1 Nc6 8. c3
d6 9. Nf1 h6 10. Ng3 Qd7 11. e5 dxe5 12. dxe5 Nd5 13. c4 Ncb4 14. cxd5 Bxd5 15.
Bb1 Rfd8 16. a3 Nc6 17. Qd3 f5 18. exf6 Bxf6 19. Qh7+ Kf8 20. Nh5 Qf7 21. Bg6
Qg8 22. Nxf6 Qxh7 23. Nxh7+ Ke7 24. Nhg5 Bc4 25. Nh3 Nd4 26. Nxd4 Rxd4 27. Be3
Rd6 28. Rad1 Rad8 29. Bc2 c5 30. Rxd6 Rxd6 31. Rd1 1-0

[Event "XV Open"]
[Site "Crema ITA"]
[Date "2013.08.30"]
[Round "2"]
[White "Righini, Giovanni"]
[Black "Salvador, Roland"]
[WhiteElo "1868"]
[BlackElo "2461"]
[Result "0-1"]
[PlyCount "44"]
[EventDate "2013.08.30"]

1. e4 c6 2. d4 d5 3. Nd2 dxe4 4. Nxe4 Nf6 5. Ng5 h6 6. N5f3 e6 7. Ne2 c5 8. Nc3
Nc6 9. Bb5 Bd7 10. O-O a6 11. Be2 Qc7 12. g3 cxd4 13. Nxd4 Nxd4 14. Qxd4 Bc5
15. Qd1 O-O-O 16. Bf3 h5 17. Qe2 Ng4 18. Ne4 Bb5 19. Bf4 Bxe2 20. Bxc7 Bxf3 21.
Bxd8 Bxe4 22. Ba5 h4 0-1

[Event "XV Open"]
[Site "Crema ITA"]
[Date "2013.08.30"]
[Round "2"]
[White "Sanchez, Joseph"]
[Black "Guzzetti, Luigi Enrico"]
[WhiteElo "2541"]
[BlackElo "1873"]
[Result "1-0"]
[PlyCount "71"]
[EventDate "2013.08.30"]

1. e4 c5 2. Nf3 e6 3. Nc3 a6 4. d4 cxd4 5. Nxd4 Qc7 6. Bd3 Nf6 7. O-O Nc6 8.
Be3 Be7 9. f4 d6 10. Qf3 e5 11. fxe5 Nxd4 12. Bxd4 dxe5 13. Nd5 Qd6 14. Bc3 a5
15. Bb5+ Bd7 16. Bxd7+ Kxd7 17. Qf5+ Kc6 18. Bxe5 Qc5+ 19. Kh1 Nxd5 20. exd5+
Qxd5 21. Rad1 Qe6 22. Qf3+ Kb6 23. Rfe1 Qc6 24. Qxf7 Bc5 25. Bd4 Rhf8 26. Qb3+
Ka7 27. Re6 Qc8 28. Qc4 Bxd4 29. Qxd4+ Kb8 30. Qxg7 Ka7 31. Qd4+ Kb8 32. Qd6+
Ka7 33. Qe5 Qxc2 34. Qxa5+ Kb8 35. Rd8+ Rxd8 36. Qxd8+ 1-0

[Event "XV Open"]
[Site "Crema ITA"]
[Date "2013.08.30"]
[Round "2"]
[White "Sartorio, Diego"]
[Black "Tedoldi, Guido"]
[WhiteElo "1896"]
[BlackElo "1597"]
[Result "1-0"]
[PlyCount "51"]
[EventDate "2013.08.30"]

1. e4 c5 2. c3 e5 3. Nf3 Nc6 4. Bc4 d6 5. O-O Nf6 6. d3 Be7 7. Bb3 O-O 8. Bc2
Be6 9. a3 d5 10. Qe2 Qc7 11. Bg5 Rad8 12. Nbd2 b5 13. Rac1 d4 14. cxd4 Nxd4 15.
Nxd4 Rxd4 16. Be3 Rd7 17. Bb3 Bg4 18. f3 Bh5 19. Rfd1 Rfd8 20. Nb1 c4 21. dxc4
Rxd1+ 22. Bxd1 Bc5 23. cxb5 Rxd1+ 24. Rxd1 Nxe4 25. g4 Bxe3+ 26. Qxe3 1-0

[Event "XV Open"]
[Site "Crema ITA"]
[Date "2013.08.30"]
[Round "2"]
[White "Sperli', Maurizio"]
[Black "Cervini, Ernesto"]
[WhiteElo "1511"]
[BlackElo "1721"]
[Result "1-0"]
[PlyCount "125"]
[EventDate "2013.08.30"]

1. e4 c5 2. d4 cxd4 3. c3 dxc3 4. Nxc3 Nc6 5. Nf3 d6 6. Bc4 e6 7. Bf4 a6 8. O-O
Be7 9. Re1 b5 10. Bb3 e5 11. Bg3 Nf6 12. Nd5 O-O 13. Nxf6+ Bxf6 14. Bd5 Bd7 15.
Rc1 Rc8 16. Qd2 Be7 17. Rc2 a5 18. Rec1 Nb4 19. Rxc8 Bxc8 20. a3 Nxd5 21. Qxd5
Qd7 22. Qa8 Bb7 23. Qxa5 Bxe4 24. Rc7 Qd8 25. Qa7 Re8 26. Nd2 Bg6 27. h4 Bxh4
28. Bxh4 Qxh4 29. Nf3 Qf6 30. Rd7 e4 31. Nd4 Rc8 32. Nc6 Re8 33. Ne7+ Kh8 34.
Nxg6+ hxg6 35. Rxf7 Qxb2 36. Qe3 Qe5 37. Rf4 d5 38. Qh3+ Kg8 39. Rh4 Kf7 40.
Qd7+ Qe7 41. Qxd5+ Qe6 42. Rf4+ Kg8 43. Qxb5 e3 44. Qe2 Qb3 45. a4 exf2+ 46.
Qxf2 Qd1+ 47. Kh2 Qd6 48. Qg3 Qe5 49. Rg4 Qxg3+ 50. Kxg3 Re3+ 51. Kh4 Kf7 52.
Rf4+ Ke6 53. g4 Ra3 54. Kg5 Rh3 55. Kxg6 Ke5 56. Rf5+ Ke6 57. Kxg7 Rg3 58. Rf4
Ke5 59. Rb4 Kd5 60. Kg6 Kc5 61. Rf4 Rd3 62. g5 Rd6+ 63. Rf6 1-0

[Event "XV Open"]
[Site "Crema ITA"]
[Date "2013.08.30"]
[Round "2"]
[White "Vecchio, Paolo L."]
[Black "Gerundino, Nicola"]
[WhiteElo "1435"]
[BlackElo "1965"]
[Result "0-1"]
[PlyCount "72"]
[EventDate "2013.08.30"]

1. d4 Nf6 2. c4 e6 3. Nc3 Bb4 4. Qc2 O-O 5. a3 Bxc3+ 6. bxc3 h6 7. e3 b6 8. Bd3
Bb7 9. f3 d6 10. e4 Nc6 11. Ne2 Ba6 12. Bxh6 gxh6 13. g4 e5 14. Qd2 Nh7 15. h4
Kg7 16. Ng3 Bc8 17. Nh5+ Kg6 18. Ng3 f6 19. Nf5 Bxf5 20. gxf5+ Kg7 21. Qg2+ Kh8
22. Qg6 Rg8 23. Qxh6 Qf8 24. Qd2 Na5 25. Rb1 Rc8 26. Kf2 Qf7 27. d5 Rg7 28.
Rbg1 Rcg8 29. Rg6 Rxg6 30. fxg6 Qxg6 31. Kf1 Nb3 32. Qf2 Nc5 33. Bc2 Qh6 34.
Rg1 Qc1+ 35. Qe1 Rxg1+ 36. Kxg1 Qxe1+ 0-1

[Event "XV Open"]
[Site "Crema ITA"]
[Date "2013.08.30"]
[Round "2"]
[White "Volpati, Antonio"]
[Black "Gorini, Michele"]
[WhiteElo "1609"]
[BlackElo "1394"]
[Result "0-1"]
[PlyCount "92"]
[EventDate "2013.08.30"]

1. e4 b6 2. Nf3 Bb7 3. Nc3 e6 4. d4 Nf6 5. Bg5 Be7 6. Bd3 d5 7. Bxf6 Bxf6 8. e5
Be7 9. Qd2 O-O 10. O-O-O c5 11. Nb5 Bc6 12. h4 h6 13. g4 c4 14. Be2 Bxb5 15. c3
a5 16. g5 h5 17. Nh2 g6 18. Rdg1 Kg7 19. Nf1 a4 20. a3 Rh8 21. Rh3 Nc6 22. Rf3
Na5 23. Qf4 Qf8 24. Ne3 Rd8 25. Nc2 Nc6 26. Qe3 Na7 27. Rf4 Be8 28. Nb4 Bxb4
29. cxb4 b5 30. Qc3 Nc6 31. Rg3 Ne7 32. Rgf3 Nf5 33. Bd1 Qe7 34. Bc2 Nxh4 35.
Rf6 Nxf3 36. Qxf3 Rf8 37. Rf4 Qxg5 38. Kb1 Rc8 39. Rf6 Bd7 40. Bd1 Qg1 41. Kc2
Qe1 42. Qg3 Qe4+ 43. Kc3 Qd3+ 44. Qxd3 cxd3+ 45. Kxd3 Rc1 46. b3 Rxd1+ 0-1

[Event "XV Open"]
[Site "Crema ITA"]
[Date "2013.08.31"]
[Round "3"]
[White "Adami, Antonio"]
[Black "Sperli', Maurizio"]
[WhiteElo "1754"]
[BlackElo "1511"]
[Result "1-0"]
[PlyCount "50"]
[EventDate "2013.08.30"]

1. e4 e5 2. d4 exd4 3. Qxd4 Nc6 4. Qe3 Nf6 5. Nc3 Be7 6. Bd2 d6 7. O-O-O O-O 8.
f4 Bg4 9. Be2 Bxe2 10. Ngxe2 Re8 11. h3 Bf8 12. g4 b5 13. g5 b4 14. gxf6 bxc3
15. Qxc3 Rxe4 16. fxg7 Bxg7 17. Rhg1 Qf6 18. Rxg7+ Qxg7 19. Rg1 Qxg1+ 20. Nxg1
Ne7 21. Qg3+ Kf8 22. Nf3 Re6 23. c4 Re8 24. Qh4 Kg8 25. Ng5 h6 1-0

[Event "XV Open"]
[Site "Crema ITA"]
[Date "2013.08.31"]
[Round "3"]
[White "Biava, Pierluigi"]
[Black "Galbiati, Antonio"]
[WhiteElo "1681"]
[BlackElo "1410"]
[Result "1-0"]
[PlyCount "51"]
[EventDate "2013.08.30"]

1. e4 e5 2. Nc3 Nf6 3. f4 Nc6 4. Nf3 d6 5. Bc4 h6 6. f5 Na5 7. Be2 d5 8. Nxe5
dxe4 9. O-O Qd4+ 10. Kh1 Qxe5 11. d4 Qe7 12. d5 c6 13. Qd4 Qd7 14. b4 Nxd5 15.
bxa5 Nxc3 16. Qxc3 Rg8 17. Bb2 Be7 18. Qe5 f6 19. Qxe4 Qd5 20. Bh5+ Kf8 21.
Rae1 Qxe4 22. Rxe4 Bd7 23. Bg6 Be8 24. Rfe1 Bxg6 25. fxg6 Re8 26. Ba3 1-0

[Event "XV Open"]
[Site "Crema ITA"]
[Date "2013.08.31"]
[Round "3"]
[White "Blengino, Cristiano"]
[Black "Ranfagni, Stefano"]
[WhiteElo "1911"]
[BlackElo "2038"]
[Result "1/2-1/2"]
[PlyCount "93"]
[EventDate "2013.08.30"]

1. d4 e6 2. c4 f5 3. g3 Nf6 4. Nh3 Be7 5. Nf4 O-O 6. Bg2 c6 7. Nc3 d6 8. Qb3
Kh8 9. Nd3 Qe8 10. Bf4 Nh5 11. O-O-O Nxf4 12. gxf4 Bf6 13. e3 Na6 14. Bf3 Rb8
15. Qa3 Qe7 16. h4 b5 17. Qb3 bxc4 18. Qxc4 d5 19. Qa4 Qb7 20. Qc2 Bd7 21. Na4
c5 22. Naxc5 Nxc5 23. Nxc5 Qc6 24. Rd3 Qd6 25. Rc3 Rfc8 26. Be2 Be8 27. Bd3 Bd8
28. Kb1 Ba5 29. Rb3 Ba4 30. Nxa4 Rxc2 31. Rxb8+ Qxb8 32. Kxc2 Qb4 33. Nc3 h5
34. a3 Qb7 35. Na4 Bd8 36. Nc5 Qc6 37. b4 g6 38. Kb3 Kg7 39. Ba6 Be7 40. Bd3
Kf7 41. a4 Qb6 42. Bb5 a5 43. Kc3 axb4+ 44. Kxb4 Bd8 45. Nb3 Be7+ 46. Nc5 Bd8
47. Nb3 1/2-1/2

[Event "XV Open"]
[Site "Crema ITA"]
[Date "2013.08.31"]
[Round "3"]
[White "Borboni, Paolo"]
[Black "Vecchio, Paolo L."]
[WhiteElo "1729"]
[BlackElo "1435"]
[Result "1-0"]
[PlyCount "67"]
[EventDate "2013.08.30"]

1. d4 Nf6 2. c4 e6 3. Nc3 Bb4 4. a3 Bxc3+ 5. bxc3 O-O 6. Nf3 b6 7. e3 Bb7 8.
Bd3 Ne4 9. Qc2 f5 10. Bb2 d6 11. O-O-O Ng5 12. Nxg5 Qxg5 13. Rdg1 Be4 14. Bxe4
fxe4 15. Qxe4 Na6 16. Qxe6+ Kh8 17. f4 Qh5 18. g4 Qe8 19. Qxe8 Raxe8 20. Kd2 c5
21. Kd3 Nb8 22. f5 a5 23. e4 Nd7 24. g5 a4 25. Bc1 g6 26. f6 Nxf6 27. gxf6 Rxf6
28. Rf1 Ref8 29. Rxf6 Rxf6 30. Ke3 g5 31. e5 Re6 32. Ke4 g4 33. Kf5 Rh6 34.
Bxh6 1-0

[Event "XV Open"]
[Site "Crema ITA"]
[Date "2013.08.31"]
[Round "3"]
[White "Botta, Massimiliano"]
[Black "De Paoli, Emilio"]
[WhiteElo "1632"]
[BlackElo "1839"]
[Result "1-0"]
[PlyCount "93"]
[EventDate "2013.08.30"]

1. e4 e6 2. d4 d5 3. Nc3 Nf6 4. Bg5 Bb4 5. e5 h6 6. exf6 hxg5 7. fxg7 Bxc3+ 8.
bxc3 Rg8 9. Qh5 Qf6 10. Nf3 c5 11. h4 g4 12. Qxg4 Nc6 13. Bb5 Rxg7 14. Bxc6+
bxc6 15. Ng5 Qg6 16. Qe2 f6 17. Nf3 Qxg2 18. Kd2 Qg4 19. Rag1 Qf4+ 20. Qe3
Qxe3+ 21. fxe3 Rh7 22. h5 Bb7 23. h6 O-O-O 24. Rg6 cxd4 25. cxd4 Rf8 26. Rg7
Rfh8 27. Rxh7 Rxh7 28. Ne1 Ba6 29. Nd3 Bxd3 30. Kxd3 Kc7 31. Kc3 a5 32. a4 Kd6
33. Kd3 e5 34. c4 exd4 35. Kxd4 dxc4 36. Kxc4 f5 37. Kd4 c5+ 38. Kc4 Kc6 39.
Rh4 Kb6 40. Kd5 Rd7+ 41. Ke6 Rh7 42. Kxf5 c4 43. Kg6 Rc7 44. h7 Rc6+ 45. Kf5
Rc8 46. h8=Q Rxh8 47. Rxh8 1-0

[Event "XV Open"]
[Site "Crema ITA"]
[Date "2013.08.31"]
[Round "3"]
[White "Cecchini, Massimo S."]
[Black "Menato, Nazario"]
[WhiteElo "1777"]
[BlackElo "1542"]
[Result "1-0"]
[PlyCount "83"]
[EventDate "2013.08.30"]

1. d4 d5 2. Nf3 Nf6 3. c4 c6 4. Nc3 e6 5. Bg5 Be7 6. e3 Nbd7 7. Rc1 h6 8. Bh4
O-O 9. h3 Re8 10. Bg3 Nf8 11. Bd3 a6 12. a4 Bb4 13. O-O Bd6 14. Bxd6 Qxd6 15.
c5 Qc7 16. Ra1 Qa5 17. Qc2 N6h7 18. Ne5 Nf6 19. f4 Nh5 20. Kh2 f5 21. g4 fxg4
22. Nxg4 Re7 23. Rg1 Qc7 24. Qf2 Kh8 25. Ne5 Bd7 26. Rg2 Be8 27. Rag1 b5 28.
Qh4 Ra7 29. f5 exf5 30. Bxf5 Rxe5 31. dxe5 Qxe5+ 32. Kh1 Qxf5 33. Rf2 Qd7 34.
Rxf8+ Kh7 35. Rgf1 Bg6 36. Rd8 Qe6 37. Rff8 Bf7 38. Rh8+ Kg6 39. Rd6 Re7 40.
Rhd8 Qxd6 41. Rxd6+ Kh7 42. Qxe7 1-0

[Event "XV Open"]
[Site "Crema ITA"]
[Date "2013.08.31"]
[Round "3"]
[White "Cervini, Ernesto"]
[Black "Giassi, Roberto"]
[WhiteElo "1721"]
[BlackElo "1470"]
[Result "1-0"]
[PlyCount "51"]
[EventDate "2013.08.30"]

1. e4 c5 2. Nc3 Nc6 3. d3 Nf6 4. f4 d6 5. Be2 e6 6. Nf3 Nd4 7. Be3 Be7 8. Nxd4
cxd4 9. Bxd4 e5 10. Be3 O-O 11. fxe5 dxe5 12. O-O Be6 13. Qe1 Kh8 14. Qg3 Rg8
15. Rad1 Qc7 16. d4 Bc4 17. Bxc4 Qxc4 18. dxe5 Nxe4 19. Qg4 f5 20. exf6 gxf6
21. Qxe4 Rxg2+ 22. Kxg2 Rg8+ 23. Kh1 Qc7 24. Nd5 Qxh2+ 25. Kxh2 Bd6+ 26. Bf4
1-0

[Event "XV Open"]
[Site "Crema ITA"]
[Date "2013.08.31"]
[Round "3"]
[White "Ciochetta, Giovanni"]
[Black "Aleksic, Nenad"]
[WhiteElo "1549"]
[BlackElo "2357"]
[Result "0-1"]
[PlyCount "68"]
[EventDate "2013.08.30"]

1. e4 c5 2. c4 b6 3. d3 Bb7 4. Nc3 e6 5. Nf3 d6 6. Be2 Be7 7. O-O Nf6 8. Bg5
O-O 9. Nd2 Nc6 10. Nb3 Rc8 11. Bf3 Ne5 12. Be2 Nc6 13. Bf3 Re8 14. a4 Ba8 15.
Re1 Nxe4 16. Bxe7 Nxc3 17. Bxd8 Nxd1 18. Bxc6 Bxc6 19. Rexd1 Rexd8 20. Nd2 d5
21. Nf3 dxc4 22. dxc4 Bxf3 23. gxf3 Kf8 24. Kf1 Ke7 25. Ke2 Rxd1 26. Rxd1 Rd8
27. Rg1 g6 28. Rg4 h5 29. Re4 f5 30. Re3 Rd4 31. Kf1 Rxc4 32. b3 Rb4 33. Kg2 g5
34. Rc3 a5 0-1

[Event "XV Open"]
[Site "Crema ITA"]
[Date "2013.08.31"]
[Round "3"]
[White "Colombo, Luca"]
[Black "Palma, Maria"]
[WhiteElo "1879"]
[BlackElo "1646"]
[Result "1/2-1/2"]
[PlyCount "84"]
[EventDate "2013.08.30"]

1. e4 e5 2. Nf3 Nc6 3. Bb5 Bc5 4. O-O Qf6 5. Bxc6 dxc6 6. d3 Bg4 7. Nbd2 Ne7 8.
h3 Be6 9. Nb3 Bd6 10. Re1 h6 11. d4 Ng6 12. dxe5 Nxe5 13. Nxe5 Bxe5 14. c3 Qg6
15. Qf3 O-O-O 16. Nc5 Bc4 17. b3 Be6 18. Qe3 b6 19. Na4 Qh5 20. Bb2 g5 21. c4
Bxb2 22. Nxb2 g4 23. hxg4 Bxg4 24. Nd3 Rhg8 25. Nf4 Qg5 26. g3 h5 27. Ng2 Rd2
28. Qxg5 Rxg5 29. Nh4 b5 30. Rec1 Re2 31. cxb5 cxb5 32. Rc6 Bd7 33. Rf6 Be6 34.
Rf4 Rg4 35. Rxg4 hxg4 36. f3 gxf3 37. Nxf3 Rxe4 38. Kf2 Bg4 39. Rc1 Bxf3 40.
Kxf3 Rd4 41. Ke3 Rg4 42. Kf3 Rd4 1/2-1/2

[Event "XV Open"]
[Site "Crema ITA"]
[Date "2013.08.31"]
[Round "3"]
[White "Colonetti, Fabio"]
[Black "Ferrari, Paolo"]
[WhiteElo "1434"]
[BlackElo "1700"]
[Result "1-0"]
[PlyCount "105"]
[EventDate "2013.08.30"]

1. d4 Nf6 2. f4 d5 3. Nf3 e6 4. e3 Be7 5. Bd3 Nbd7 6. O-O b6 7. c3 Bb7 8. Bd2
c5 9. Be1 O-O 10. Ne5 Ne4 11. Nd2 f5 12. Nxe4 dxe4 13. Bc2 Nf6 14. Bh4 Nd5 15.
Bxe7 Qxe7 16. Qe2 g5 17. Bb3 Kh8 18. Bxd5 exd5 19. Qh5 Qg7 20. fxg5 Kg8 21. g6
hxg6 22. Qxg6 Rf6 23. Qxg7+ Kxg7 24. Rf2 cxd4 25. cxd4 Ba6 26. a4 Rc8 27. h3 f4
28. Ng4 Rf7 29. exf4 Rc4 30. Ne5 Rxd4 31. Nxf7 e3 32. Rc2 e2 33. Re1 Rxf4 34.
Rcxe2 Bxe2 35. Rxe2 Kxf7 36. Rf2 Rf6 37. Rxf6+ Kxf6 38. Kf2 Ke5 39. Ke3 d4+ 40.
Kd3 Kd5 41. h4 Kc5 42. a5 bxa5 43. h5 Kb4 44. h6 Kb3 45. h7 Kxb2 46. h8=Q Ka3
47. Qxd4 a4 48. Qa1+ Kb3 49. g4 a3 50. g5 a2 51. g6 a5 52. g7 a4 53. g8=Q+ 1-0

[Event "XV Open"]
[Site "Crema ITA"]
[Date "2013.08.31"]
[Round "3"]
[White "Conti, Ferdinando"]
[Black "Maffeis, Fabio"]
[WhiteElo "1734"]
[BlackElo "1446"]
[Result "1-0"]
[PlyCount "125"]
[EventDate "2013.08.30"]

1. Nf3 d5 2. b4 Nf6 3. Bb2 Bf5 4. e3 e6 5. a3 c5 6. b5 Nbd7 7. c4 Bd6 8. Nc3
Qc7 9. h3 O-O 10. d3 b6 11. Be2 Rad8 12. O-O dxc4 13. dxc4 Ne4 14. Qb3 Ndf6 15.
Rad1 Be7 16. Qa2 g5 17. Qa1 Ne8 18. Nxe4 Bxe4 19. Rxd8 Bxd8 20. Be5 Qb7 21. Rd1
Bc7 22. Bxc7 Qxc7 23. Nxg5 Bg6 24. Qc3 Nd6 25. Qe5 Ne8 26. Qxc7 Nxc7 27. Rd7
Rc8 28. h4 h6 29. Nh3 e5 30. Re7 f6 31. g4 Kf8 32. Rd7 Bf7 33. Rd2 Be6 34. f4
Ke7 35. f5 Bf7 36. g5 fxg5 37. hxg5 hxg5 38. Bg4 Rd8 39. f6+ Ke8 40. Rxd8+ Kxd8
41. Be2 Ne6 42. Kh2 Bg6 43. Kg3 Ke8 44. Bg4 Kf7 45. Bxe6+ Kxe6 46. Nxg5+ Kxf6
47. Nf3 Bd3 48. Nd2 Kf5 49. Kf3 Kg5 50. e4 Kh4 51. Ke3 Bc2 52. Nf3+ Kg4 53.
Nxe5+ Kg5 54. Nd7 Bd1 55. Nb8 Bg4 56. Nc6 Be6 57. Nxa7 Bxc4 58. a4 Bb3 59. a5
bxa5 60. b6 a4 61. b7 a3 62. b8=Q a2 63. Qe5+ 1-0

[Event "XV Open"]
[Site "Crema ITA"]
[Date "2013.08.31"]
[Round "3"]
[White "Corso, Gabriele"]
[Black "Poletti, Guido"]
[WhiteElo "1789"]
[BlackElo "1311"]
[Result "1-0"]
[PlyCount "111"]
[EventDate "2013.08.30"]

1. e4 Nf6 2. e5 Nd5 3. d4 d6 4. exd6 Qxd6 5. c4 Nf6 6. Nf3 g6 7. g3 Bg7 8. Nc3
O-O 9. Bg2 a6 10. O-O e6 11. Bf4 Qb4 12. Qe2 c5 13. Bd6 Nfd7 14. Bxf8 Nxf8 15.
Rad1 Nc6 16. d5 exd5 17. cxd5 Nd4 18. Nxd4 cxd4 19. Ne4 Bf5 20. Qd2 Qb6 21. Rc1
Nd7 22. b3 Re8 23. Qf4 Nf6 24. Nxf6+ Bxf6 25. Qd2 Kg7 26. Rfe1 Rd8 27. Kh1 Qb5
28. Rc4 Rxd5 29. Bxd5 Qxd5+ 30. Kg1 Bh3 31. f4 d3 32. Rce4 Qc5+ 33. Kh1 Qd5 34.
Kg1 Qc5+ 35. Qe3 Qc2 36. Qf3 Qxa2 37. Rd1 Qxb3 38. Rxd3 Qb1+ 39. Rd1 Qb6+ 40.
Qe3 Qxe3+ 41. Rxe3 b5 42. Ra3 b4 43. Rxa6 b3 44. Rb1 b2 45. Rxf6 Kxf6 46. Rxb2
Kg7 47. Rb5 Bf5 48. Kf2 h5 49. Ke3 Kh6 50. Kd4 h4 51. gxh4 Kh5 52. Rxf5+ gxf5
53. Ke5 Kg6 54. h5+ Kxh5 55. Kxf5 Kh6 56. Kf6 1-0

[Event "XV Open"]
[Site "Crema ITA"]
[Date "2013.08.31"]
[Round "3"]
[White "Corti, Massimo"]
[Black "Sanchez, Joseph"]
[WhiteElo "2008"]
[BlackElo "2541"]
[Result "0-1"]
[PlyCount "48"]
[EventDate "2013.08.30"]

1. d4 d5 2. c4 c6 3. Nc3 Nf6 4. e3 a6 5. f4 Bf5 6. Nf3 e6 7. Bd3 dxc4 8. Bxc4
b5 9. Be2 c5 10. O-O Nc6 11. Ne5 Rc8 12. g4 cxd4 13. gxf5 dxc3 14. fxe6 fxe6
15. Qb3 Nd5 16. bxc3 Nxe5 17. fxe5 Rxc3 18. Qb1 Bc5 19. Bh5+ g6 20. Bxg6+ hxg6
21. Qxg6+ Kd7 22. Qf7+ Be7 23. Rf6 Nxf6 24. exf6 Qg8+ 0-1

[Event "XV Open"]
[Site "Crema ITA"]
[Date "2013.08.31"]
[Round "3"]
[White "Dragojlovic, Andjelko"]
[Black "Distratis, Gianluca"]
[WhiteElo "2349"]
[BlackElo "1970"]
[Result "1-0"]
[PlyCount "119"]
[EventDate "2013.08.30"]

1. e4 d5 2. exd5 Nf6 3. Nc3 Nxd5 4. Bc4 Nb6 5. Bb3 c5 6. Qh5 c4 7. Bxc4 Nxc4 8.
Qb5+ Nc6 9. Qxc4 Bf5 10. d3 e6 11. Nf3 Be7 12. O-O O-O 13. a3 Rc8 14. Qf4 Bd6
15. Qg5 h6 16. Qxd8 Rfxd8 17. h3 Ne5 18. Nxe5 Bxe5 19. Bd2 Rd7 20. a4 Bf6 21.
a5 a6 22. Ra4 Rc6 23. Rfa1 e5 24. Be3 Be6 25. Rb4 Bd8 26. Bb6 Be7 27. Re4 Bc5
28. Bxc5 Rxc5 29. Rb4 Bd5 30. Kf1 Bc6 31. Rc4 Rxc4 32. dxc4 Rd2 33. Rc1 e4 34.
Ke1 e3 35. Ne2 Bxg2 36. fxe3 Rd6 37. Nf4 Be4 38. h4 g5 39. hxg5 hxg5 40. Nd5 g4
41. Nf4 Rh6 42. Kf2 Rh2+ 43. Kg3 Rd2 44. Kxg4 Bxc2 45. b4 Be4 46. c5 Rb2 47.
Rc4 f5+ 48. Kg5 Rb3 49. Kf6 Rxe3 50. Rd4 Rf3 51. Ng6 Rd3 52. Rd6 Kh7 53. Nf4
Rg3 54. Rd7+ Kh6 55. Rd8 Kh7 56. Ne6 Rg6+ 57. Kf7 Rg4 58. Rd2 Rh4 59. Rd6 Rg4
60. Nf8+ 1-0

[Event "XV Open"]
[Site "Crema ITA"]
[Date "2013.08.31"]
[Round "3"]
[White "Fantina, Carla"]
[Black "Guasconi, Lelio"]
[WhiteElo "1425"]
[BlackElo "1595"]
[Result "0-1"]
[PlyCount "110"]
[EventDate "2013.08.30"]

1. c4 b6 2. Nc3 Bb7 3. e3 c5 4. Nf3 Nf6 5. g3 e6 6. Bg2 Be7 7. O-O a6 8. d3 O-O
9. e4 d6 10. Qc2 e5 11. Be3 Nc6 12. Rfd1 Ng4 13. Qd2 Nxe3 14. fxe3 Bc8 15. Nd5
Bg4 16. h3 Be6 17. Nxe7+ Qxe7 18. Nh4 Qd7 19. Kh2 Rad8 20. Rf1 Qc8 21. a3 Ne7
22. b4 f5 23. b5 a5 24. exf5 Nxf5 25. Nxf5 Bxf5 26. e4 Be6 27. g4 Rd7 28. Rxf8+
Qxf8 29. Rf1 Rf7 30. Rxf7 Qxf7 31. Qg5 Qf4+ 32. Qxf4 exf4 33. Bf3 Kf7 34. h4 h6
35. a4 Kf6 36. Kg2 Ke5 37. Bd1 g5 38. hxg5 hxg5 39. Kf3 Kd4 40. Be2 Kc3 41. Kf2
Kd2 42. Kf1 Ke3 43. Bd1 Kxd3 44. Be2+ Kxe4 45. Kf2 Kd4 46. Kf3 Bxc4 47. Bxc4
Kxc4 48. Ke4 d5+ 49. Kf5 f3 50. Kxg5 f2 51. Kg6 f1=Q 52. g5 Qf8 53. Kh7 Qf7+
54. Kh6 Qg8 55. g6 d4 0-1

[Event "XV Open"]
[Site "Crema ITA"]
[Date "2013.08.31"]
[Round "3"]
[White "Fiammetti, Gianluca"]
[Black "Raimondi, Celso"]
[WhiteElo "1467"]
[BlackElo "1670"]
[Result "0-1"]
[PlyCount "76"]
[EventDate "2013.08.30"]

1. c4 e5 2. Nc3 d6 3. g3 f5 4. e3 Nf6 5. Bg2 g6 6. Nge2 c6 7. d3 Bg7 8. Rb1 O-O
9. O-O Be6 10. b3 a6 11. a4 d5 12. cxd5 cxd5 13. Bb2 Nc6 14. Kh1 Qb6 15. h3
Rad8 16. Bc1 e4 17. d4 g5 18. Ba3 Rf7 19. b4 Bf8 20. a5 Qc7 21. Rb3 Na7 22. Qb1
Bd7 23. Rc1 Qb8 24. Bf1 Nb5 25. Nxb5 Bxb5 26. Nc3 Bxf1 27. Rxf1 Rc7 28. b5 Qc8
29. Qb2 f4 30. Kh2 axb5 31. Bxf8 Rxf8 32. Nxb5 Rc2 33. Qb1 fxg3+ 34. Kxg3 Nh5+
35. Kg2 Rf3 36. Qe1 Qxh3+ 37. Kg1 Ng3 38. fxg3 Qg2# 0-1

[Event "XV Open"]
[Site "Crema ITA"]
[Date "2013.08.31"]
[Round "3"]
[White "Gerundino, Nicola"]
[Black "Mussap, Angelo"]
[WhiteElo "1965"]
[BlackElo "2053"]
[Result "1/2-1/2"]
[PlyCount "177"]
[EventDate "2013.08.30"]

1. e4 e5 2. Nf3 Nf6 3. Nxe5 Qe7 4. d4 d6 5. Nf3 Qxe4+ 6. Be2 Bf5 7. c4 Be7 8.
O-O O-O 9. Re1 Qc2 10. Nh4 Re8 11. Nxf5 Qxf5 12. Bd3 Qa5 13. Nc3 Nbd7 14. Bd2
Qb6 15. Bc1 Bf8 16. Rxe8 Rxe8 17. h3 g6 18. Bc2 Bg7 19. Na4 Qa6 20. Bd3 Nb6 21.
Nc3 Nxc4 22. Qf1 b5 23. Nxb5 Qxb5 24. Bxc4 Qb4 25. a3 Qb6 26. b4 Qxd4 27. Be3
Qc3 28. Qc1 Ne4 29. Qxc3 Nxc3 30. Rc1 d5 31. Bd3 d4 32. Bd2 Re7 33. Kf1 Kf8 34.
Re1 f6 35. Rxe7 Kxe7 36. Bxc3 dxc3 37. Ke2 Bh6 38. Kd1 Bd2 39. Bc4 f5 40. Bg8
h6 41. Bb3 g5 42. Ba4 Kd6 43. Ke2 c5 44. bxc5+ Kxc5 45. Bd7 f4 46. Kd3 Be1 47.
f3 Bd2 48. Be6 Kd6 49. Bb3 Ke5 50. Bc2 a6 51. Bb1 Kd5 52. Ba2+ Kc5 53. Bb3 Be1
54. Ke2 Bd2 55. Kd3 a5 56. a4 Kb4 57. Bd1 Ka3 58. Bc2 Kb2 59. Bd1 Be3 60. Bc2
Bd4 61. Bd1 Bf6 62. Bc2 Kc1 63. Bb3 Bd4 64. Kxd4 Kb2 65. Kc4 h5 66. Bd1 Kc1 67.
Be2 Kd2 68. Bd3 c2 69. Bxc2 Kxc2 70. Kb5 Kd2 71. Kxa5 Ke3 72. Kb4 Kf2 73. a5
Kxg2 74. a6 Kxf3 75. a7 Kg3 76. a8=Q f3 77. Qb8+ Kxh3 78. Qc8+ g4 79. Qf5 Kg2
80. Qxh5 g3 81. Qd5 Kf2 82. Qd2+ Kg1 83. Qe3+ Kg2 84. Qe4 Kf2 85. Qh4 Kg2 86.
Qe4 Kf2 87. Qh4 Kg2 88. Qe4 Kf2 89. Qh4 1/2-1/2

[Event "XV Open"]
[Site "Crema ITA"]
[Date "2013.08.31"]
[Round "3"]
[White "Gorini, Michele"]
[Black "Cordioli, Luca"]
[WhiteElo "1394"]
[BlackElo "1731"]
[Result "0-1"]
[PlyCount "110"]
[EventDate "2013.08.30"]

1. d4 Nf6 2. c4 g6 3. Nc3 Bg7 4. Nf3 O-O 5. e4 d6 6. Be3 Nbd7 7. Be2 Ng4 8. Bg5
h6 9. Bh4 c5 10. Nd5 g5 11. Bg3 Ngf6 12. Nxf6+ Nxf6 13. Qd3 cxd4 14. Nxd4 Qa5+
15. Kf1 Qb6 16. Nf5 Bxf5 17. exf5 Qxb2 18. Rb1 Qxa2 19. f3 Rab8 20. Bf2 Nd7 21.
g3 Ne5 22. Qe4 Nc6 23. Kg2 Qa5 24. h4 gxh4 25. Rxh4 Qe5 26. Rbh1 Qxe4 27. Rxe4
Kh7 28. Be3 Rh8 29. Reh4 Kg8 30. Bxh6 Rxh6 31. Rxh6 Bxh6 32. Rxh6 a5 33. Bd1
Ne5 34. Rh4 Nd3 35. Bb3 Nc5 36. Ba2 a4 37. g4 Ra8 38. g5 Kg7 39. Rh1 Ra6 40.
Re1 Rb6 41. Rb1 Rxb1 42. Bxb1 a3 43. Kf2 Nd3+ 44. Ke3 Nb4 45. Kd4 a2 46. Bxa2
Nxa2 47. c5 dxc5+ 48. Kxc5 Nc3 49. Kb6 Nd5+ 50. Kxb7 Ne3 51. Kc7 Nxf5 52. Kd7
e6 53. f4 Kg6 54. Ke8 Nd4 55. Ke7 Ne2 0-1

[Event "XV Open"]
[Site "Crema ITA"]
[Date "2013.08.31"]
[Round "3"]
[White "Guzzetti, Luigi Enrico"]
[Black "Frugoni, Giulio"]
[WhiteElo "1873"]
[BlackElo "1599"]
[Result "1-0"]
[PlyCount "65"]
[EventDate "2013.08.30"]

1. e4 c5 2. Nf3 d6 3. d4 Bg4 4. Bb5+ Nd7 5. dxc5 h6 6. cxd6 exd6 7. O-O a6 8.
Ba4 b5 9. Bb3 Ngf6 10. Bd5 Nxd5 11. exd5 Be7 12. h3 Bxf3 13. Qxf3 O-O 14. Nc3
Ne5 15. Qg3 Ng6 16. Ne4 Rc8 17. c3 Re8 18. Re1 Bh4 19. Qg4 Rc4 20. Bd2 Ne5 21.
Qe2 f5 22. Ng3 Bxg3 23. fxg3 Re4 24. Qh5 Nd3 25. Rxe4 Rxe4 26. Qxf5 Qb6+ 27.
Kh2 Nf2 28. Rg1 Re2 29. Be1 Ne4 30. Qc8+ Kh7 31. Qf8 Ng5 32. Qf5+ g6 33. Qd7+
1-0